000 00406nam a2200169Ia 4500
008 180921t2011 xxu||||| |||| 00| 0 sin d
041 _asin
080 _a805.0
_bATH
100 _aAthuraliyage, Sumanasena
245 _aඅල්ලෝරා
246 _aAlloora
260 _b
_aBoralesgamuwa
_c2011
300 _b224p, 21 cm
942 _cBK
999 _c632
_d632
003 LK-CoDNM
040 _aLK-CoDNM
_dLK-CoDNM
_eLK-CoDNM